Top 10 Tallest Buildings in the US 2016 - Statistics

General Stats
  • This quiz has been taken 18 times
  • The average score is 5 of 10
Answer Stats
Height(meters) City Building % Correct
541 New York One World Trade Center
94%
442 Chicago Willis Tower
83%
381 New York Empire State Building
78%
319 New York Chrysler Building
61%
423 Chicago Trump International Hotel and Tower
44%
346 Chicago Aon Center
33%
426 New York 432 Park Avenue
28%
344 Chicago John Hancock Center
28%
366 New York Bank of America Tower
22%
335 Los Angeles Wilshire Grand Center
22%
No matching quizzes found
Score Distribution
Percent of People with Each Score
Percentile by Number Answered
Your Score History
You have not taken this quiz